[Event "Mecklenburg VP Verbandsliga 2223"]
[Site "Mecklenburg VP"]
[Date "2023.01.15"]
[Round "5.3"]
[White "Mehl, Ronald"]
[Black "Helms, Sven"]
[Result "1-0"]
[WhiteElo "2099"]
[BlackElo "1940"]
[PlyCount "79"]
[EventDate "2022.10.23"]
[EventType "team-tourn"]
[EventRounds "9"]
[EventCountry "GER"]
[SourceTitle "EXT 2024"]
[Source "ChessBase"]
[SourceDate "2023.10.10"]
[SourceVersion "1"]
[SourceVersionDate "2023.10.10"]
[SourceQuality "1"]
[WhiteTeam "Stralsund HSG"]
[BlackTeam "Schwerin SF II"]
[WhiteTeamCountry "GER"]
[BlackTeamCountry "GER"]

1. d4 d5 2. Nf3 e6 3. c4 Nf6 4. Qc2 Be7 5. Bf4 c6 6. e3 0-0 7. Nbd2 Nbd7 8. a3 a5 9. Bd3 Re8 10. Ne5 Nf8 11. Ndf3 Bd7 12. Ng5 Qc8 13. c5 b6 14. Ngxf7 bxc5 15. dxc5 Qb7 16. 0-0 Rec8 17. Nxd7 N8xd7 18. Nd6 Bxd6 19. Bxd6 e5 20. Qc3 Re8 21. b4 axb4 22. axb4 e4 23. Be2 Nf8 24. Ra5 Rxa5 25. bxa5 Ne6 26. a6 Qf7 27. Rb1 d4 28. exd4 Nd5 29. Qg3 Nxd4 30. Bc4 Nf5 31. Qf4 Nxd6 32. Qxd6 Rf8 33. Qg3 Qf6 34. h4 Qd4 35. Bxd5+ Qxd5 36. Rb7 Qd4 37. a7 g6 38. h5 Qxc5 39. Qb3+ Kh8 40. Qb2+ 1-0

[Event "Mecklenburg VP Verbandsliga 2122"]
[Site "Mecklenburg VP"]
[Date "2022.04.03"]
[Round "8.3"]
[White "Mehl, Ronald"]
[Black "Kunow, Frank"]
[Result "1-0"]
[WhiteElo "2099"]
[BlackElo "1907"]
[PlyCount "59"]
[EventDate "2021.10.24"]
[EventType "team-tourn"]
[EventRounds "9"]
[EventCountry "GER"]
[SourceTitle "EXT 2024"]
[Source "ChessBase"]
[SourceDate "2023.10.10"]
[SourceVersion "1"]
[SourceVersionDate "2023.10.10"]
[SourceQuality "1"]
[WhiteTeam "Stralsund HSG"]
[BlackTeam "Neubrandenburg SG Eintracht"]
[WhiteTeamCountry "GER"]
[BlackTeamCountry "GER"]

1. Nf3 Nf6 2. c4 g6 3. Nc3 Bg7 4. g3 d6 5. Bg2 0-0 6. 0-0 Nc6 7. d4 a6 8. h3 Re8 9. d5 Nb8 10. Nd4 Nbd7 11. Be3 Nf8 12. Qd2 e5 13. dxe6 Nxe6 14. Rad1 Qe7 15. Nb3 Rd8 16. g4 c6 17. f4 Nc7 18. Bf2 Be6 19. Na5 Rab8 20. Ba7 Ra8 21. Qe3 Qd7 22. Nxb7 Ncd5 23. cxd5 Qxb7 24. dxe6 Rxa7 25. Bxc6 Qe7 26. Bd5 Nxd5 27. Nxd5 Qxe6 28. Qxa7 h5 29. Qe7 Qc8 30. Nf6+ 1-0

[Event "Mecklenburg VP Verbandsliga 1920"]
[Site "Mecklenburg VP"]
[Date "2019.10.20"]
[Round "2.3"]
[White "Mehl, Ronald"]
[Black "Schulz, Daniel1111"]
[Result "0-1"]
[WhiteElo "2099"]
[BlackElo "1817"]
[PlyCount "78"]
[EventDate "2019.09.29"]
[EventType "team-tourn"]
[EventRounds "9"]
[EventCountry "GER"]
[SourceTitle "EXT 2023"]
[Source "ChessBase"]
[SourceDate "2022.10.05"]
[SourceVersion "1"]
[SourceVersionDate "2022.10.05"]
[SourceQuality "1"]
[WhiteTeam "Stralsund HSG"]
[BlackTeam "Neubrandenburg SG Eintracht"]
[WhiteTeamCountry "GER"]
[BlackTeamCountry "GER"]

1. Nf3 Nf6 2. e3 b6 3. b3 Bb7 4. Bb2 g6 5. Be2 Bg7 6. 0-0 0-0 7. d4 c5 8. Nbd2 cxd4 9. exd4 d5 10. Re1 Nc6 11. Bf1 Rc8 12. c4 e6 13. Rc1 Bh6 14. Ra1 Qc7 15. c5 Rfd8 16. a3 a5 17. Qc2 Nd7 18. Qc3 Bg7 19. b4 Ne7 20. Rac1 axb4 21. axb4 bxc5 22. bxc5 Qb8 23. Ba3 Nf5 24. Rb1 Qa8 25. Rb3 Bc6 26. Bb4 Re8 27. Ra1 Qb8 28. Ba5 Qf4 29. g3 Qh6 30. h4 e5 31. Bb4 e4 32. Nh2 Bxd4 33. Qc1 Bxa1 34. Qxa1 e3 35. Ng4 exf2+ 36. Kxf2 Qg7 37. Qc1 Qd4+ 38. Kg2 Qxg4 39. Nf3 d4 0-1

[Event "Oberliga Nord O 1718"]
[Site "Germany"]
[Date "2018.04.15"]
[Round "9.1"]
[White "Mehl, Ronald"]
[Black "Mueller, Nick"]
[Result "1/2-1/2"]
[WhiteElo "2098"]
[BlackElo "2310"]
[PlyCount "82"]
[EventDate "2017.10.08"]
[EventType "team-tourn"]
[EventRounds "9"]
[EventCountry "GER"]
[SourceTitle "EXT 2019"]
[Source "ChessBase"]
[SourceDate "2018.10.10"]
[SourceVersion "1"]
[SourceVersionDate "2018.10.10"]
[SourceQuality "1"]
[WhiteTeam "Stralsund"]
[BlackTeam "Greifswald"]
[WhiteTeamCountry "GER"]
[BlackTeamCountry "GER"]

1. d4 d5 2. Nf3 Nf6 3. c4 c6 4. Nc3 dxc4 5. a4 a5 6. e3 Bg4 7. Bxc4 e6 8. 0-0 Na6 9. h3 Bh5 10. Be2 Nb4 11. Ne5 Bxe2 12. Qxe2 Be7 13. Rd1 0-0 14. e4 Nd7 15. Nc4 Re8 16. Bf4 Nb6 17. Rd2 Nxc4 18. Qxc4 Rc8 19. Qe2 Bf6 20. Rad1 Qb6 21. Qg4 Kh8 22. Bg5 Bxg5 23. Qxg5 f6 24. Qh5 Re7 25. Qe2 Rce8 26. Qf3 Rd7 27. g3 Red8 28. Qe3 h6 29. Ne2 e5 30. Qc3 Qa6 31. dxe5 Rxd2 32. Rxd2 Rxd2 33. Qxd2 fxe5 34. Qd8+ Kh7 35. Nc3 Nd3 36. Qf8 Qb6 37. Qf5+ Kh8 38. Qf8+ Kh7 39. Qf5+ Kh8 40. Qf8+ Kh7 41. Qf5+ Kh8 1/2-1/2

[Event "Oberliga Nord O 1718"]
[Site "Germany"]
[Date "2018.03.18"]
[Round "8.1"]
[White "Rietze, Clemens"]
[Black "Mehl, Ronald"]
[Result "1-0"]
[WhiteElo "2345"]
[BlackElo "2098"]
[PlyCount "69"]
[EventDate "2017.10.08"]
[EventType "team-tourn"]
[EventRounds "9"]
[EventCountry "GER"]
[SourceTitle "EXT 2019"]
[Source "ChessBase"]
[SourceDate "2018.10.10"]
[SourceVersion "1"]
[SourceVersionDate "2018.10.10"]
[SourceQuality "1"]
[WhiteTeam "Berlin Rotation"]
[BlackTeam "Stralsund"]
[WhiteTeamCountry "GER"]
[BlackTeamCountry "GER"]

1. d4 Nf6 2. c4 e6 3. Nc3 Bb4 4. e3 0-0 5. Nge2 d5 6. a3 Be7 7. Nf4 b6 8. cxd5 exd5 9. Be2 Bb7 10. 0-0 Re8 11. b4 Bd6 12. g3 Bxf4 13. exf4 Ne4 14. Nxe4 dxe4 15. Bc4 Bd5 16. Qb3 c6 17. Be3 Qd6 18. Rfc1 Nd7 19. Bxd5 cxd5 20. Qa4 Nf6 21. Qc6 Qd8 22. f5 Qc8 23. Qxc8 Rexc8 24. Bg5 Ne8 25. Be7 f6 26. b5 Kf7 27. Bb4 Nc7 28. a4 Ke8 29. Rc6 Kd8 30. Rd6+ Ke8 31. Rc1 Rab8 32. Rdc6 Kd7 33. Bd6 Rb7 34. Bf4 Kd8 35. g4 1-0

[Event "Mecklenburg VP LL 1617"]
[Site "Mecklenburg VP"]
[Date "2017.03.19"]
[Round "7.1"]
[White "Mehl, Ronald"]
[Black "Ruesch, Hans Joachim"]
[Result "1/2-1/2"]
[WhiteElo "2054"]
[BlackElo "1962"]
[PlyCount "41"]
[EventDate "2016.10.16"]
[EventType "team-tourn"]
[EventRounds "9"]
[EventCountry "GER"]
[SourceTitle "EXT 2022"]
[Source "ChessBase"]
[SourceDate "2021.10.06"]
[SourceVersion "1"]
[SourceVersionDate "2021.10.06"]
[SourceQuality "1"]
[WhiteTeam "Stralsund FHSG"]
[BlackTeam "Warnemuende SF Ostsee"]
[WhiteTeamCountry "GER"]
[BlackTeamCountry "GER"]

1. Nf3 g6 2. c4 Bg7 3. Nc3 d6 4. g3 Nf6 5. Bg2 0-0 6. 0-0 e5 7. d4 Nbd7 8. dxe5 dxe5 9. Qc2 c6 10. Rd1 Qe7 11. h3 Nh5 12. e3 f5 13. b3 e4 14. Ne1 Ne5 15. Bb2 Be6 16. a4 Rfd8 17. Ne2 Rxd1 18. Rxd1 Rd8 19. Rxd8+ Qxd8 20. Bd4 Qc7 21. Qb2 1/2-1/2

[Event "Mecklenburg VP LL 1617"]
[Site "Mecklenburg VP"]
[Date "2016.11.06"]
[Round "2.1"]
[White "Mehl, Ronald"]
[Black "Kalhorn, Stefan"]
[Result "1-0"]
[WhiteElo "2054"]
[BlackElo "2074"]
[PlyCount "115"]
[EventDate "2016.10.16"]
[EventType "team-tourn"]
[EventRounds "9"]
[EventCountry "GER"]
[SourceTitle "EXT 2022"]
[Source "ChessBase"]
[SourceDate "2021.10.06"]
[SourceVersion "1"]
[SourceVersionDate "2021.10.06"]
[SourceQuality "1"]
[WhiteTeam "Stralsund FHSG"]
[BlackTeam "Greifswald II"]
[WhiteTeamCountry "GER"]
[BlackTeamCountry "GER"]

1. d4 d5 2. Nf3 Nf6 3. g3 c5 4. Bg2 cxd4 5. 0-0 Bg4 6. Qxd4 Nc6 7. Qa4 e6 8. Nc3 Qa5 9. Qxa5 Nxa5 10. Nb5 Rc8 11. Nxa7 Rxc2 12. Nd4 Rc4 13. e3 Bc5 14. Nab5 Nc6 15. b3 Rxd4 16. exd4 Nxd4 17. Ba3 Bb6 18. Nxd4 Bxd4 19. Rac1 Kd7 20. Bc5 Bb2 21. Rc2 Rc8 22. Rxb2 Rxc5 23. b4 Rc3 24. a4 Ra3 25. a5 Ne8 26. Rc1 Bf5 27. Bf1 Nd6 28. Be2 e5 29. b5 Rxa5 30. b6 Ke6 31. g4 Bg6 32. f3 f5 33. h3 e4 34. gxf5+ Bxf5 35. fxe4 Bxe4 36. Kf2 Ra3 37. Rc7 g5 38. Bg4+ Ke5 39. Re7+ Kf4 40. Re6 Nc4 41. Rb4 Ra2+ 42. Be2 Nb2 43. Ke1 Ke3 44. Rb3+ Kd4 45. Re7 Nc4 46. Rxb7 Ra6 47. Ra7 Rxb6 48. Bxc4 Re6 49. Be2 Bc2 50. Ra4+ Ke5 51. Re3+ Be4 52. Bf3 Kf5 53. Kf2 Re7 54. Bxe4+ dxe4 55. Ra8 h5 56. Rf8+ Ke5 57. Rg3 Rg7 58. Ke3 1-0

[Event "Mecklenburg VP LL 1617"]
[Site "Mecklenburg VP"]
[Date "2016.10.16"]
[Round "1.1"]
[White "Jeske, Holger"]
[Black "Mehl, Ronald"]
[Result "0-1"]
[WhiteElo "1852"]
[BlackElo "2054"]
[PlyCount "56"]
[EventDate "2016.10.16"]
[EventType "team-tourn"]
[EventRounds "9"]
[EventCountry "GER"]
[SourceTitle "EXT 2022"]
[Source "ChessBase"]
[SourceDate "2021.10.06"]
[SourceVersion "1"]
[SourceVersionDate "2021.10.06"]
[SourceQuality "1"]
[WhiteTeam "Rostock SSC 07 II"]
[BlackTeam "Stralsund FHSG"]
[WhiteTeamCountry "GER"]
[BlackTeamCountry "GER"]

1. d4 Nf6 2. Nf3 e6 3. b3 b6 4. Bb2 Bb7 5. Nbd2 Bb4 6. c3 Be7 7. Qc2 d5 8. e3 0-0 9. Bd3 Nbd7 10. 0-0 c5 11. Ne5 Bd6 12. f4 a6 13. Rf3 b5 14. Rh3 h6 15. Rf1 c4 16. Be2 Ne4 17. Nxe4 cxb3 18. axb3 dxe4 19. c4 Rc8 20. c5 Bxe5 21. fxe5 Bd5 22. Bd1 f6 23. b4 fxe5 24. Rxf8+ Qxf8 25. dxe5 a5 26. Qe2 Bc4 27. Qf2 Qxf2+ 28. Kxf2 axb4 0-1

[Event "Mecklenburg VP VL 1516"]
[Site "Mecklenburg VP"]
[Date "2016.04.24"]
[Round "9.1"]
[White "Rabinowitsch, Juri"]
[Black "Mehl, Ronald"]
[Result "0-1"]
[WhiteElo "1888"]
[BlackElo "2090"]
[PlyCount "96"]
[EventDate "2015.09.20"]
[EventType "team-tourn"]
[EventRounds "9"]
[EventCountry "GER"]
[SourceTitle "EXT 2022"]
[Source "ChessBase"]
[SourceDate "2021.10.06"]
[SourceVersion "1"]
[SourceVersionDate "2021.10.06"]
[SourceQuality "1"]
[WhiteTeam "Schwerin SF IV"]
[BlackTeam "Stralsund FHSG"]
[WhiteTeamCountry "GER"]
[BlackTeamCountry "GER"]

1. e4 c5 2. Nf3 e6 3. d4 cxd4 4. Nxd4 a6 5. c4 Qc7 6. Nc3 Nf6 7. Be2 d6 8. 0-0 Be7 9. Be3 b6 10. f4 0-0 11. Qe1 Bb7 12. Bf3 Nbd7 13. Qg3 Rac8 14. Rac1 Nc5 15. e5 Ne8 16. Bxb7 Qxb7 17. f5 dxe5 18. fxe6 exd4 19. exf7+ Rxf7 20. Rxf7 Kxf7 21. Bxd4 Ne6 22. Rf1+ Bf6 23. Bxf6 Nxf6 24. Nd5 Rxc4 25. Nxf6 gxf6 26. Qd3 Qc6 27. Qxh7+ Ng7 28. Qd3 Rc2 29. Qb3+ Ne6 30. Qg3 Qc5+ 31. Kh1 Rc1 32. Qf3 Rxf1+ 33. Qxf1 Qe3 34. h3 b5 35. Qd1 Nc5 36. Qh5+ Ke7 37. Qh7+ Kd6 38. Qh8 Qe1+ 39. Kh2 Qe5+ 40. Kg1 Qxb2 41. Qb8+ Kd5 42. Qd8+ Kc4 43. Qe7 Qa1+ 44. Kh2 Qe5+ 45. Qxe5 fxe5 46. g4 Ne6 47. h4 Kd3 48. g5 Ng7 0-1

[Event "Mecklenburg VP VL 1516"]
[Site "Mecklenburg VP"]
[Date "2015.11.15"]
[Round "3.1"]
[White "Skibbe, Willi"]
[Black "Mehl, Ronald"]
[Result "1-0"]
[WhiteElo "2207"]
[BlackElo "2090"]
[PlyCount "101"]
[EventDate "2015.09.20"]
[EventType "team-tourn"]
[EventRounds "9"]
[EventCountry "GER"]
[SourceTitle "EXT 2022"]
[Source "ChessBase"]
[SourceDate "2021.10.06"]
[SourceVersion "1"]
[SourceVersionDate "2021.10.06"]
[SourceQuality "1"]
[WhiteTeam "Rostock SSC 07 II"]
[BlackTeam "Stralsund FHSG"]
[WhiteTeamCountry "GER"]
[BlackTeamCountry "GER"]

1. d4 Nf6 2. c4 e6 3. Nc3 Bb4 4. a3 Bxc3+ 5. bxc3 Ne4 6. e3 f5 7. Ne2 0-0 8. f3 Nf6 9. Ng3 d6 10. Bd3 Nc6 11. 0-0 Qe8 12. e4 Nh5 13. exf5 Nxg3 14. hxg3 exf5 15. Qc2 Qf7 16. Bf4 b6 17. c5 dxc5 18. dxc5 Be6 19. cxb6 axb6 20. c4 Ra5 21. Rfe1 Nd4 22. Qb2 Qf6 23. Kf1 Rc5 24. Rad1 Rd8 25. Qc3 b5 26. Qb4 Rxc4 27. Bxc4 Bxc4+ 28. Kf2 Nc2 29. Rxd8+ Qxd8 30. Qe7 Qxe7 31. Rxe7 Nxa3 32. Rxc7 h6 33. Be5 Bf7 34. Bd6 Nc4 35. Bb4 Nb6 36. Rb7 Nd5 37. Rxb5 Nxb4 38. Rxb4 g6 39. Ke3 Kg7 40. Rb6 Bc4 41. Kf4 Bf1 42. Rb7+ Kf6 43. Rb6+ Kg7 44. Ke5 Bxg2 45. Rb7+ Kg8 46. Rb8+ Kg7 47. Rb7+ Kg8 48. Kf6 Bxf3 49. Rg7+ Kh8 50. Kxg6 Be4 51. Re7 1-0

[Event "Mecklenburg VP VL 1415"]
[Site "Mecklenburg VP"]
[Date "2015.04.12"]
[Round "8.1"]
[White "Schmekel, Florian"]
[Black "Mehl, Ronald"]
[Result "0-1"]
[WhiteElo "1795"]
[BlackElo "2095"]
[PlyCount "80"]
[EventDate "2014.09.21"]
[EventType "team-tourn"]
[EventRounds "9"]
[EventCountry "GER"]
[SourceTitle "EXT 2022"]
[Source "ChessBase"]
[SourceDate "2021.10.06"]
[SourceVersion "1"]
[SourceVersionDate "2021.10.06"]
[SourceQuality "1"]
[WhiteTeam "Torgelow Droegeheide"]
[BlackTeam "Stralsund FHSG"]
[WhiteTeamCountry "GER"]
[BlackTeamCountry "GER"]

1. d4 Nf6 2. c4 g6 3. g3 Bg7 4. Bg2 0-0 5. Nf3 c5 6. 0-0 cxd4 7. Nxd4 Qc7 8. b3 Nc6 9. Bb2 d6 10. Nd2 Qb6 11. Nxc6 bxc6 12. Rc1 Qa6 13. a4 Rb8 14. e4 Bg4 15. Qc2 Qa5 16. Rfe1 Rfd8 17. h3 Be6 18. Bc3 Qc7 19. Red1 Nh5 20. Bxg7 Kxg7 21. Qc3+ Kg8 22. Nf3 Qb6 23. Nd4 Qc5 24. Rd3 Bd7 25. Ne2 Be6 26. Nd4 Bd7 27. Rcd1 Ng7 28. Nc2 a5 29. e5 Bf5 30. Rd4 Bxc2 31. Qxc2 Ne6 32. R4d3 dxe5 33. Rd7 Nd4 34. Rxd8+ Rxd8 35. Qe4 f5 36. Qe3 e4 37. g4 e6 38. gxf5 gxf5 39. h4 Qd6 40. h5 Ne2+ 0-1

[Event "Mecklenburg VP VL 1415"]
[Site "Mecklenburg VP"]
[Date "2015.01.18"]
[Round "5.1"]
[White "Weber, Max"]
[Black "Mehl, Ronald"]
[Result "1-0"]
[WhiteElo "2167"]
[BlackElo "2095"]
[PlyCount "29"]
[EventDate "2014.09.21"]
[EventType "team-tourn"]
[EventRounds "9"]
[EventCountry "GER"]
[SourceTitle "EXT 2022"]
[Source "ChessBase"]
[SourceDate "2021.10.06"]
[SourceVersion "1"]
[SourceVersionDate "2021.10.06"]
[SourceQuality "1"]
[WhiteTeam "Rostock SSC 07 II"]
[BlackTeam "Stralsund FHSG"]
[WhiteTeamCountry "GER"]
[BlackTeamCountry "GER"]

1. d4 Nf6 2. c4 e6 3. Nf3 Bb4+ 4. Nbd2 0-0 5. a3 Be7 6. e4 d5 7. e5 Nfd7 8. Bd3 c5 9. h4 cxd4 10. Bxh7+ Kxh7 11. Ng5+ Kg6 12. h5+ Kf5 13. Ndf3 Bxg5 14. Qd3+ Kg4 15. Qxd4+ 1-0

[Event "Mecklenburg VP VL 1415"]
[Site "Mecklenburg VP"]
[Date "2014.12.07"]
[Round "4.1"]
[White "Mehl, Ronald"]
[Black "Weyrich, Morten"]
[Result "1/2-1/2"]
[WhiteElo "2095"]
[BlackElo "2190"]
[PlyCount "98"]
[EventDate "2014.09.21"]
[EventType "team-tourn"]
[EventRounds "9"]
[EventCountry "GER"]
[SourceTitle "EXT 2022"]
[Source "ChessBase"]
[SourceDate "2021.10.06"]
[SourceVersion "1"]
[SourceVersionDate "2021.10.06"]
[SourceQuality "1"]
[WhiteTeam "Stralsund FHSG"]
[BlackTeam "Schwerin SF III"]
[WhiteTeamCountry "GER"]
[BlackTeamCountry "GER"]

1. d4 d5 2. c4 e6 3. Nf3 Nf6 4. Nc3 Be7 5. Bf4 0-0 6. e3 c6 7. Qc2 Nbd7 8. cxd5 exd5 9. Bd3 Re8 10. 0-0 Nf8 11. h3 Ng6 12. Rfe1 Bd7 13. Bh2 Qc8 14. Ne5 Nf8 15. Rac1 Ne6 16. Nxd7 Qxd7 17. Bf5 g6 18. Bxe6 Qxe6 19. e4 dxe4 20. Nxe4 Nxe4 21. Rxe4 Qd7 22. Rce1 Bf6 23. Be5 Bxe5 24. dxe5 Qd5 25. b3 Rad8 26. R1e2 Qd1+ 27. Qxd1 Rxd1+ 28. Kh2 Kf8 29. Kg3 Ke7 30. Rh4 h5 31. Rf4 Red8 32. Rfe4 R8d4 33. Kf4 Ke6 34. Rxd4 Rxd4+ 35. Kg5 c5 36. g4 hxg4 37. hxg4 b5 38. f4 c4 39. bxc4 Rxc4 40. f5+ gxf5 41. gxf5+ Ke7 42. Rd2 Rc5 43. Kf4 Rc4+ 44. Ke3 Ra4 45. Rc2 Kd7 46. Rd2+ Ke7 47. Rc2 Kd7 48. Rd2+ Ke7 49. Rc2 Kd7 1/2-1/2

[Event "Mecklenburg VP VL 1415"]
[Site "Mecklenburg VP"]
[Date "2014.11.23"]
[Round "3.1"]
[White "Mehl, Ronald"]
[Black "Stutz, Reno"]
[Result "1/2-1/2"]
[WhiteElo "2095"]
[BlackElo "1947"]
[PlyCount "26"]
[EventDate "2014.09.21"]
[EventType "team-tourn"]
[EventRounds "9"]
[EventCountry "GER"]
[SourceTitle "EXT 2022"]
[Source "ChessBase"]
[SourceDate "2021.10.06"]
[SourceVersion "1"]
[SourceVersionDate "2021.10.06"]
[SourceQuality "1"]
[WhiteTeam "Stralsund FHSG"]
[BlackTeam "Wismar ASV Gruen-Weiss"]
[WhiteTeamCountry "GER"]
[BlackTeamCountry "GER"]

1. Nf3 Nf6 2. g3 c5 3. c4 Nc6 4. Bg2 e6 5. 0-0 d5 6. d4 Be7 7. e3 0-0 8. Qe2 b6 9. Ne5 Bb7 10. Nc3 cxd4 11. Nxc6 Bxc6 12. exd4 Rc8 13. cxd5 Nxd5 1/2-1/2

[Event "Mecklenburg VP VL 1415"]
[Site "Mecklenburg VP"]
[Date "2014.11.09"]
[Round "2.1"]
[White "Moeller, Peter"]
[Black "Mehl, Ronald"]
[Result "0-1"]
[WhiteElo "2001"]
[BlackElo "2095"]
[PlyCount "126"]
[EventDate "2014.09.21"]
[EventType "team-tourn"]
[EventRounds "9"]
[EventCountry "GER"]
[SourceTitle "EXT 2022"]
[Source "ChessBase"]
[SourceDate "2021.10.06"]
[SourceVersion "1"]
[SourceVersionDate "2021.10.06"]
[SourceQuality "1"]
[WhiteTeam "Rostock HSG Uni"]
[BlackTeam "Stralsund FHSG"]
[WhiteTeamCountry "GER"]
[BlackTeamCountry "GER"]

1. d4 Nf6 2. Bf4 e6 3. e3 c5 4. c3 b6 5. Nd2 cxd4 6. exd4 Bb7 7. Ngf3 Be7 8. Bd3 0-0 9. Qc2 Nc6 10. Ne4 Nxe4 11. Bxe4 f5 12. Bd3 Rc8 13. Qe2 g5 14. Bc1 g4 15. Nd2 Qc7 16. Nb3 Bf6 17. h3 g3 18. 0-0 Kh8 19. f4 Ne7 20. Ba6 Bxa6 21. Qxa6 Nd5 22. Rf3 Bh4 23. Bd2 Nf6 24. Be3 d5 25. Nd2 Ne4 26. Nf1 Rg8 27. Bd2 Rg7 28. Be1 Rcg8 29. a4 Bd8 30. Qd3 Bh4 31. b4 h5 32. a5 Bd8 33. axb6 axb6 34. Qe2 h4 35. Bd2 Bf6 36. Rd3 Qc4 37. Ne3 Qb5 38. Be1 Rh7 39. Nd1 Rc8 40. Rd2 Qxe2 41. Rxe2 Rhc7 42. Ra6 Rc6 43. Kf1 Bg7 44. Re3 Bh6 45. Rf3 Kg7 46. Ke2 b5 47. Ra5 Nd6 48. Nb2 Kf6 49. Nd3 Rxc3 50. Bxc3 Rxc3 51. Nc5 Rc2+ 52. Kd3 Rxg2 53. Ra6 Ne4 54. Rxe6+ Kf7 55. Ke3 Nc3 56. Rf1 Re2+ 57. Kd3 Rxe6 58. Nxe6 Kxe6 59. Kxc3 Bxf4 60. Rg1 Be3 61. Rg2 f4 62. Re2 Kf6 63. Kd3 Bf2 0-1

[Event "Mecklenburg VP VL 1415"]
[Site "Mecklenburg VP"]
[Date "2014.09.21"]
[Round "1.1"]
[White "Springer, Guido"]
[Black "Mehl, Ronald"]
[Result "0-1"]
[WhiteElo "1768"]
[BlackElo "2095"]
[PlyCount "88"]
[EventDate "2014.09.21"]
[EventType "team-tourn"]
[EventRounds "9"]
[EventCountry "GER"]
[SourceTitle "EXT 2022"]
[Source "ChessBase"]
[SourceDate "2021.10.06"]
[SourceVersion "1"]
[SourceVersionDate "2021.10.06"]
[SourceQuality "1"]
[WhiteTeam "Gryps SV"]
[BlackTeam "Stralsund FHSG"]
[WhiteTeamCountry "GER"]
[BlackTeamCountry "GER"]

1. d4 Nf6 2. Nf3 g6 3. c4 Bg7 4. Nc3 d5 5. e3 0-0 6. Be2 b6 7. Ne5 e6 8. f4 Bb7 9. Bf3 Ne4 10. Nxe4 dxe4 11. Be2 Qe7 12. 0-0 c5 13. Qc2 f6 14. Ng4 Nc6 15. dxc5 Qxc5 16. Bd2 h5 17. Nf2 f5 18. Rab1 a5 19. a3 a4 20. b4 axb3 21. Qxb3 Qxa3 22. Qxb6 Rf7 23. Rfd1 Ra6 24. Qb3 Qc5 25. Qb5 Qa7 26. c5 Bf8 27. Bc4 Bc8 28. Bb4 Nxb4 29. Rxb4 Ra1 30. Rxa1 Qxa1+ 31. Rb1 Qa3 32. Qc6 Bd7 33. Qb6 Bxc5 34. Qb8+ Kh7 35. Qb3 Qa7 36. Re1 Qa5 37. Re2 Qa1+ 38. Qd1 Qc3 39. Qb3 Qc1+ 40. Nd1 Bc8 41. Kf2 Rd7 42. Nb2 Rb7 43. Bb5 Bd7 44. Qc4 Bxe3+ 0-1

[Event "Mecklenburg VP VL 1314"]
[Site "Mecklenburg VP"]
[Date "2014.01.19"]
[Round "5.1"]
[White "Hornych, Christoph"]
[Black "Mehl, Ronald"]
[Result "1-0"]
[WhiteElo "2061"]
[BlackElo "2081"]
[PlyCount "84"]
[EventDate "2013.10.20"]
[EventType "team-tourn"]
[EventRounds "9"]
[EventCountry "GER"]
[SourceTitle "EXT 2022"]
[Source "ChessBase"]
[SourceDate "2021.10.06"]
[SourceVersion "1"]
[SourceVersionDate "2021.10.06"]
[SourceQuality "1"]
[WhiteTeam "Warnemuende SF Ostsee"]
[BlackTeam "Stralsund FHSG"]
[WhiteTeamCountry "GER"]
[BlackTeamCountry "GER"]

1. e4 c5 2. Nf3 e6 3. c4 Qc7 4. Nc3 a6 5. Be2 d6 6. 0-0 Nf6 7. d4 cxd4 8. Nxd4 b6 9. Be3 Bb7 10. f3 Nbd7 11. Rc1 Be7 12. Qd2 0-0 13. Rfd1 Rac8 14. b4 Rfd8 15. a3 Qb8 16. Nb3 Bc6 17. Bf1 Ne5 18. Qf2 Be8 19. Nd2 b5 20. cxb5 axb5 21. h3 Nc4 22. Bxc4 bxc4 23. b5 d5 24. exd5 exd5 25. Bd4 Bxa3 26. Rb1 Qf4 27. Nf1 Qd6 28. Ne3 Bc5 29. Nf5 Bxd4 30. Qxd4 Qc5 31. b6 Qxd4+ 32. Rxd4 Rb8 33. Nxd5 Kf8 34. Nxf6 Rxd4 35. Nxh7+ Kg8 36. Nf6+ gxf6 37. Nxd4 Bd7 38. Kf2 Kf8 39. Ke3 Ke7 40. Ne2 Bf5 41. Rb4 Bd3 42. Nf4 Bf5 1-0

[Event "Mecklenburg VP VL 1314"]
[Site "Mecklenburg VP"]
[Date "2013.11.24"]
[Round "3.1"]
[White "Hanisch, Sebastian"]
[Black "Mehl, Ronald"]
[Result "0-1"]
[WhiteElo "2045"]
[BlackElo "2081"]
[PlyCount "78"]
[EventDate "2013.10.20"]
[EventType "team-tourn"]
[EventRounds "9"]
[EventCountry "GER"]
[SourceTitle "EXT 2022"]
[Source "ChessBase"]
[SourceDate "2021.10.06"]
[SourceVersion "1"]
[SourceVersionDate "2021.10.06"]
[SourceQuality "1"]
[WhiteTeam "Schwerin SF III"]
[BlackTeam "Stralsund FHSG"]
[WhiteTeamCountry "GER"]
[BlackTeamCountry "GER"]

1. Nf3 d5 2. e3 Nf6 3. b3 e6 4. Bb2 Nbd7 5. d4 c6 6. Bd3 Be7 7. Nbd2 0-0 8. 0-0 Re8 9. c4 Bd6 10. Ne5 c5 11. f4 b6 12. Rf3 Bb7 13. Rh3 Nf8 14. g4 Bxe5 15. dxe5 Ne4 16. Qc2 Nxd2 17. Qxd2 dxc4 18. bxc4 Qc7 19. Kf2 Rad8 20. Qc2 g6 21. Bc3 Rd7 22. Be2 Red8 23. Rg3 Bc6 24. Rd1 Rxd1 25. Bxd1 b5 26. cxb5 Bxb5 27. Be2 Qc6 28. Rg1 Bxe2 29. Qxe2 Qe4 30. Rd1 Rd5 31. Rxd5 exd5 32. Bb2 d4 33. Qf3 Qb1 34. Qe2 Ne6 35. Kf3 Qxa2 36. f5 Qd5+ 37. e4 Qb3+ 38. Kf2 Nf4 39. Qd2 Qxb2 0-1

[Event "Mecklenburg VP VL 1314"]
[Site "Mecklenburg VP"]
[Date "2013.10.27"]
[Round "1.1"]
[White "Mehl, Ronald"]
[Black "Schwetlick, Thomas"]
[Result "1-0"]
[WhiteElo "2081"]
[BlackElo "1846"]
[PlyCount "83"]
[EventDate "2013.10.20"]
[EventType "team-tourn"]
[EventRounds "9"]
[EventCountry "GER"]
[SourceTitle "EXT 2022"]
[Source "ChessBase"]
[SourceDate "2021.10.06"]
[SourceVersion "1"]
[SourceVersionDate "2021.10.06"]
[SourceQuality "1"]
[WhiteTeam "Stralsund FHSG"]
[BlackTeam "Rostock HSG Uni"]
[WhiteTeamCountry "GER"]
[BlackTeamCountry "GER"]

1. Nf3 Nf6 2. c4 g6 3. d4 Bg7 4. g3 0-0 5. Bg2 d6 6. 0-0 Nbd7 7. Nc3 e5 8. e3 c6 9. b3 Re8 10. Ba3 e4 11. Nd2 d5 12. cxd5 cxd5 13. Rc1 a6 14. Na4 b6 15. Qc2 a5 16. Rfe1 Ba6 17. Qc7 Rc8 18. Qxd8 Rexd8 19. Bd6 Rxc1 20. Rxc1 Ne8 21. Be7 Rb8 22. f3 f5 23. fxe4 dxe4 24. Nb2 h6 25. a4 Kf7 26. Ba3 Ndf6 27. Nbc4 Nd5 28. Bf1 Ke6 29. Kf2 Nef6 30. Ne5 Bb7 31. h3 g5 32. Bb5 f4 33. gxf4 gxf4 34. Nf1 Bf8 35. Bxf8 Rxf8 36. exf4 Kf5 37. Ng3+ Ke6 38. f5+ Kd6 39. Nc4+ Ke7 40. Nxb6 e3+ 41. Ke1 Kd6 42. Nc4+ 1-0